000 00402nam a2200157Ia 4500
003 GCL
008 140319s9999 xx 000 0 eng d
040 _aGCL /
_cGCL
082 0 4 _a616.5
_bM R
100 1 _aMARKS, R.
245 1 0 _aROXBURGH'S COMMON SKIN DISEASES /
_cMARKS, R.
260 _a[S.N] :
_bCHAPMAN AND HALL MEDICAL ،
_c1993
300 _a327 P
650 0 4 _aDERMATOLOGY
942 _2ddc
_cBK
999 _c21302
_d21302